Estadísticas para Capital : País - Asia

Haz click aquí para tomar la prueba!

Estadísticas generales

  • Esta prueba ha sido tomada 2.878 veces
  • La puntuación promedio es 37 de 48

Estadísticas de respuestas

CapitalPaís% Correcto
TokioJapón
98%
PekínChina
97%
Nueva DelhiIndia
97%
JerusalénIsrael
96%
SingapurSingapur
96%
SeulCorea del Sur
95%
KuwaitKuwait
94%
BangkokTailandia
93%
Abu DhabiEmiratos Árabes
Unidos
92%
ManilaFilipinas
92%
BagdadIrak
92%
PiongyangCorea del Norte
91%
TeheránIrán
91%
KabulAfganistán
89%
YakartaIndonesia
88%
DamascoSiria
88%
AnkaraTurquía
87%
Kuala LumpurMalasia
86%
HanoiVietnam
85%
BeirutLíbano
84%
KatmandúNepal
84%
TaipéiTaiwán
84%
NicosiaChipre
81%
DohaCatar
80%
Sri Jayewardenepura
Kotte
Sri Lanka
80%
Ulán batorMongolia
78%
IslamabadPakistán
78%
RiadArabia Saudita
77%
TiflisGeorgia
75%
Nom PenCamboya
73%
BakúAzerbaiyán
70%
ErevánArmenia
68%
DacaBangladés
67%
AmánJordania
64%
NursultánKazajistán
64%
VientiánLaos
64%
SanáYemen
62%
Bandar Seri
Begawan
Brunéi
59%
MascateOmán
56%
BiskekKirguistán
55%
MaléMaldivas
55%
TaskentUzbekistán
55%
TimbuBután
54%
DusambéTayikistán
51%
AsjabadTurkmenistán
50%
NaipyidóMyanmar
48%
DiliTimor Oriental
48%
ManamaBaréin
46%

Distribución de puntuación

Porcentaje por número respondido

Porcentaje de gente con cada puntuación

Historial de tus puntuaciones

No has tomado esta prueba